| 000 | 00921nam a22002417a 4500 | ||
|---|---|---|---|
| 999 |
_c7860 _d7860 |
||
| 003 | AR-CdUCM | ||
| 008 | 190321b ||||| |||| 00| 0 spa d | ||
| 040 |
_aMUNICIPALIDAD PROVINCIAL DEL CUSCO _cBIBLIOTECA MUNICIPAL DEL CUSCO |
||
| 041 | _heng | ||
| 082 |
_a523.1 / _bR81 |
||
| 100 |
_aRoman, Colin A. _922229 |
||
| 245 | _aSecretos del cosmos / | ||
| 260 |
_aEspaña : _bSalvat Editores, _c1969. |
||
| 300 |
_a178 páginas ; _blaminas, figuras, _c18 cm. |
||
| 440 |
_aBiblioteca básica Salvat, libro RTV. _n18 _922230 |
||
| 505 | _aContenido: El tamaño del mundo -- Por qué brillan las estrellas -- Los instrumentos de que dispone el astrónomo -- Algunas teorías sobre el universo -- El más allá en el espacio. | ||
| 650 |
_aUniverso _918615 |
||
| 650 |
_aConstelaciones _922231 |
||
| 650 |
_aCosmos _922232 |
||
| 710 |
_aAlianza Editorial S. A. (colaborador) _922233 |
||
| 942 |
_2ddc _cLIBROS |
||
| 945 | _aachl | ||